| 000 | 00423nam a22001577a 4500 | ||
|---|---|---|---|
| 003 | LC | ||
| 005 | 20170228103657.0 | ||
| 008 | 130628t xxu||||| |||| 00| 0 eng d | ||
| 020 | _a9718855017 | ||
| 050 |
_aGR 325 _b.Al318 1996 |
||
| 245 | _aMga alamat, pabula at marami pang kuwento / | ||
| 260 |
_aManila, Philippines : _bZeus Publishing, _c1996. |
||
| 300 |
_a111 p. : _bill. ; _c21 cm. |
||
| 942 |
_2lcc _cBK |
||
| 999 |
_c3324 _d3324 |
||